ბათუმის შოთა რუსთაველის სახელმწიფო უნივერსიტეტის ბიბლიოთეკა

Труд женщин и молодежи (ბიბ.ჩანაწერი № 36046)

000 -LEADER
fixed length control field 00658nam a2200229Ia 4500
001 - CONTROL NUMBER
control field 1946
003 - CONTROL NUMBER IDENTIFIER
control field GE_BSU
008 - FIXED-LENGTH DATA ELEMENTS--GENERAL INFORMATION
fixed length control field 181216s||||||||xx |||||||||||||| ||und||
020 ## - INTERNATIONAL STANDARD BOOK NUMBER
International Standard Book Number 5726002555
040 ## - CATALOGING SOURCE
Transcribing agency GE_BSU
080 ## - UNIVERSAL DECIMAL CLASSIFICATION NUMBER
Universal Decimal Classification number 342.7+396
245 ## - TITLE STATEMENT
Title Труд женщин и молодежи
245 ## - TITLE STATEMENT
Remainder of title Сборник нормативных актов
245 ## - TITLE STATEMENT
Statement of responsibility, etc. Гаврилина, А.К. Шептулина Н.Н.
260 ## - PUBLICATION, DISTRIBUTION, ETC.
Place of publication, distribution, etc. Москва
260 ## - PUBLICATION, DISTRIBUTION, ETC.
Name of publisher, distributor, etc. Юридическая литература
260 ## - PUBLICATION, DISTRIBUTION, ETC.
Date of publication, distribution, etc. 1990
300 ## - PHYSICAL DESCRIPTION
Extent 400стр. 19 см.
653 ## - INDEX TERM--UNCONTROLLED
Uncontrolled term Труд женщин и молодежи
942 ## - ADDED ENTRY ELEMENTS (KOHA)
Koha item type წიგნი
ეგზემპლარები
Withdrawn status Lost status Damaged status Not for loan Date acquired Barcode Date last seen Price effective from Koha item type
        2018-12-17 3771 2018-12-17 2018-12-17 წიგნი